|
|
|
|
| LEADER |
01075nam a2200277 u 4500 |
| 001 |
10038063 |
| 003 |
upatras |
| 005 |
20210117195746.0 |
| 008 |
001129s1997 uk eng |
| 020 |
|
|
|a 0500279918
|
| 040 |
|
|
|a GR-PaULI
|c GR-PaULI
|
| 041 |
0 |
|
|a eng
|
| 082 |
0 |
4 |
|a 720.92
|
| 100 |
1 |
|
|a Steele, James
|9 3623
|
| 245 |
1 |
0 |
|a An architecture for people
|b the complete works of Hassan Fathy
|c James Steele
|
| 260 |
|
|
|a London
|b Thames and Hudson
|c 1997
|
| 300 |
|
|
|a 208 p.
|b phot.
|c 27 cm.
|
| 500 |
|
|
|a With 213 illustrations, 100 in colour
|
| 504 |
|
|
|a Includes bibliography and index
|
| 600 |
1 |
4 |
|a Fathy- Hassan
|d 1900-
|9 25910
|
| 650 |
|
4 |
|a Αρχιτεκτονική
|y 20ός αιώνας
|9 6376
|
| 852 |
|
|
|a GR-PaULI
|b ΠΑΤΡΑ
|b ΑΡΧΙΤΕΚΤΟΝΙΚΗ
|k ΑΣΧΞ-2
|h 720.92 FAT
|m 001047
|p 025000089580
|t 1
|
| 942 |
|
|
|2 ddc
|c BK15
|
| 952 |
|
|
|0 0
|1 0
|4 0
|6 720_920000000000000_FAT
|7 0
|9 24139
|a ARCH
|b ARCH
|d 2016-04-24
|i 001047
|l 3
|m 1
|o 720.92 FAT
|p 025000089580
|q 2025-03-26
|r 2025-03-19 14:46:52
|s 2025-03-19
|t 1
|w 2016-04-24
|y BK15
|
| 998 |
|
|
|c MANIAKH
|d 2000-11
|
| 999 |
|
|
|c 15206
|d 15206
|